000 00743nam a2200241Ia 4500
003 OSt
005 20220930194536.0
006 a|||||r|||| 00| 0
007 ta
008 220926b |||||||| |||| 00| 0 eng d
024 _a12907
037 _cDissertations
040 _aCRL
_cCRL
_beng
041 _2eng
_aeng
100 _aVirmani Amita
_9563341
110 _aUniversity of Delhi. Faculty of Arts. Department of Psychology
_9169788
245 0 _aProcessing time in the perception of apparent vertical under lateral body tilts
260 _c1975
650 _aPSYCHOLOGY
700 _aUniversity of Delhi. Faculty of Arts. Department of Psychology
_9169789
942 _cDIS
_2CC
999 _c897844
_d897844